000 00737nam a2200181 a 4500
001 1434
003 CO-ViMGA
008 141112s2004 ck r 000 u spa d
040 _aCO-ViMGA
_bspa
_cCO-ViMGA
082 0 4 _a658.816 M657p
100 1 _aMonroe, Kent B
_949700
245 1 0 _aPolítica de precios :
_bpara hacer más rentables las decisiones
260 _aBogotá :
_bMcGraw Hill,
_c1995
300 _a583 p
505 _aEstrategias corrientes de precios 12 - - Teoria economica del comprotamiento del consumidor 32 - - Precio y percepciones de valor de los clientes 81 - - Teoria del análisis de valor 99 - - Análisis de rentabilidad para decisiones en precios 185
650 1 4 _aPRECIOS - FIJACION
_949701
942 _2ddc
_cBK
999 _c13636
_d13636